00369nam a2200109Ia 4500008004100000082001800041100002800059245002200087260005400109630003600163650006000199211118s9999||||xx |||||||||||||| ||und|| a398.03bVIS-F aVishnu Namboothiri, M V 0aFolklore Nikhandu bKerala Bhasha InstituteaThiruvananthapuramc1989 xFolklorePost Graduate Reference aSocial SciencesvCustoms, etiquette & folkloreMalayalam